000 00574cam a22002291 4500
001 28914
005 20220405165331.0
090 _a28914
095 _aPTBN00301423
100 _a20080416d1972 a y0pory5003 ba
101 1 _apor
102 _aPT
930 _lBECRE
675 _a087.5
_vmed
_zpor
700 1 _aTorrado
_bAntónio
702 1 _aDuran
_bLuiz
_4440
200 1 _aO Tabuleiro das Surpresas
_fAntónio Torrado
_gilo. Luiz Duran
210 _aLisboa
_cPlátano
215 _a[12] p.
_cil.
_d22 cm
225 2 _aNovos horizontes
_v5
801 0 _aPT
_bBN
_gRPC
990 _cLIVROS